00389nam a2200169Ia 4500008004100000020001800041245002400059245002100083260001500104260001600119260000900135300001400144300002500158300001000183500000700193999001900200170705s9999 xx 000 0 und d a9780545837521 aBear in underwear / cTodd H. Doodler. aNew York : bScholastic, c2010 aunpaged : bcolor illustration ; c20cm. a20 c335764d335764